<?xml version="1.0" encoding="UTF-8"?>
<record
    xmlns:xsi="http://www.w3.org/2001/XMLSchema-instance"
    xsi:schemaLocation="http://www.loc.gov/MARC21/slim http://www.loc.gov/standards/marcxml/schema/MARC21slim.xsd"
    xmlns="http://www.loc.gov/MARC21/slim">

  <leader>02331nam a22002297a 4500</leader>
  <controlfield tag="001">6625</controlfield>
  <controlfield tag="003">FISKH</controlfield>
  <controlfield tag="005">20250519100447.0</controlfield>
  <controlfield tag="008">250516b        cb ||||| |||| 00| 0 eng d</controlfield>
  <datafield tag="040" ind1=" " ind2=" ">
    <subfield code="a">FISKH</subfield>
    <subfield code="b">khr</subfield>
    <subfield code="c">FISKH</subfield>
    <subfield code="d">FISKH</subfield>
  </datafield>
  <datafield tag="082" ind1=" " ind2=" ">
    <subfield code="a">895.932202</subfield>
  </datafield>
  <datafield tag="100" ind1=" " ind2=" ">
    <subfield code="a">Uk </subfield>
  </datafield>
  <datafield tag="245" ind1=" " ind2=" ">
    <subfield code="a">&#x1798;&#x179A;&#x178E;&#x1798;&#x17B6;&#x178F;&#x17B6;&#x200B; : </subfield>
    <subfield code="b">&#x17A2;&#x178F;&#x17D2;&#x1790;&#x1794;&#x1791;&#x179A;&#x17BF;&#x1784;&#x17A2;&#x1798;&#x178A;&#x17C4;&#x1799;&#x179A;&#x17BC;&#x1794;&#x1797;&#x17B6;&#x1796; /</subfield>
    <subfield code="c">&#x1793;&#x17B7;&#x1796;&#x1793;&#x17D2;&#x1792;&#x178A;&#x17C4;&#x1799;&#x1797;&#x17B7;&#x1780;&#x17D2;&#x1781;&#x17BB; &#x17A2;&#x17CA;&#x17BB;&#x1780;</subfield>
  </datafield>
  <datafield tag="260" ind1=" " ind2=" ">
    <subfield code="a">&#x1797;&#x17D2;&#x1793;&#x17C6;&#x1796;&#x17C1;&#x1789; :</subfield>
    <subfield code="b">&#x179B;&#x17B6;&#x1784;&#x1782;&#x17B8;&#x17C6;&#x1798;&#x200B; ,</subfield>
    <subfield code="c">&#x17E2;&#x17E0;&#x17E1;&#x17E5;.</subfield>
  </datafield>
  <datafield tag="300" ind1=" " ind2=" ">
    <subfield code="a">59 pages : </subfield>
    <subfield code="b">illustrations ;</subfield>
    <subfield code="c">21 cm . </subfield>
  </datafield>
  <datafield tag="520" ind1=" " ind2=" ">
    <subfield code="a">&#x179A;&#x17BF;&#x1784; "&#x1798;&#x179A;&#x178E;&#x1798;&#x17B6;&#x178F;&#x17B6;" &#x1793;&#x17B7;&#x1799;&#x17B6;&#x1799;&#x17A2;&#x17C6;&#x1796;&#x17B8;&#x1796;&#x17D2;&#x179A;&#x17C7;&#x179A;&#x17B6;&#x1787;&#x17B6;&#x17A2;&#x1784;&#x17D2;&#x1782;&#x1798;&#x17BD;&#x1799;&#x1788;&#x17D2;&#x1798;&#x17C4;&#x17C7; &#x179C;&#x17B7;&#x1798;&#x179B;&#x1792;&#x1798;&#x17D2;&#x1798;&#x179A;&#x17B6;&#x1787; &#x178A;&#x17C2;&#x179B;&#x1798;&#x17B6;&#x1793;&#x1794;&#x17D2;&#x179A;&#x1796;&#x1793;&#x17D2;&#x1792;&#x1788;&#x17D2;&#x1798;&#x17C4;&#x17C7; &#x1780;&#x17C2;&#x179C;&#x1780;&#x17C1;&#x179F;&#x17B8; &#x1793;&#x17B7;&#x1784;&#x1780;&#x17BC;&#x1793;&#x179F;&#x17D2;&#x179A;&#x17B8;&#x1788;&#x17D2;&#x1798;&#x17C4;&#x17C7; &#x1780;&#x17BB;&#x179B;&#x1780;&#x17C1;&#x179F;&#x17B8;&#x17D4; &#x1780;&#x17B6;&#x179B;&#x1796;&#x17B8;&#x1798;&#x17BD;&#x1799;&#x1796;&#x17C1;&#x179B; &#x1798;&#x17B6;&#x1793;&#x1794;&#x17BB;&#x179A;&#x179F;&#x1798;&#x17D2;&#x1793;&#x17B6;&#x1780;&#x17CB;&#x1788;&#x17D2;&#x1798;&#x17C4;&#x17C7; &#x1780;&#x17BB;&#x178A;&#x17BB;&#x1798;&#x17D2;&#x1796;&#x17B8;&#x1780;&#x17CD; &#x178A;&#x17C2;&#x179B;&#x179F;&#x17D2;&#x179A;&#x17A1;&#x17B6;&#x1789;&#x17CB;&#x1780;&#x17BC;&#x1793;&#x179F;&#x17D2;&#x179A;&#x17B8;&#x179A;&#x1794;&#x179F;&#x17CB;&#x1796;&#x17D2;&#x179A;&#x17C7;&#x179A;&#x17B6;&#x1787;&#x17B6;&#x17D4; &#x1796;&#x17BD;&#x1780;&#x1782;&#x17C1;&#x1794;&#x17B6;&#x1793;&#x1794;&#x17B6;&#x178F;&#x17CB;&#x1794;&#x1784;&#x17CB;&#x1791;&#x17C5;&#x1787;&#x1793;&#x1794;&#x1791;&#x1798;&#x17BD;&#x1799; &#x1793;&#x17B7;&#x1784;&#x178F;&#x17D2;&#x179A;&#x17BC;&#x179C;&#x1794;&#x17B6;&#x1793;&#x1785;&#x17B6;&#x1794;&#x17CB;&#x1781;&#x17D2;&#x179B;&#x17BD;&#x1793;&#x178A;&#x17C4;&#x1799;&#x1785;&#x17C4;&#x179A;&#x17D4; &#x1780;&#x17B6;&#x179B;&#x1796;&#x17B8;&#x1796;&#x17C1;&#x179B;&#x1793;&#x17C4;&#x17C7; &#x1780;&#x17BB;&#x178A;&#x17BB;&#x1798;&#x17D2;&#x1796;&#x17B8;&#x1780;&#x17CD; &#x1793;&#x17B7;&#x1784;&#x1780;&#x17BB;&#x179B;&#x1780;&#x17C1;&#x179F;&#x17B8;&#x1794;&#x17B6;&#x1793;&#x179F;&#x17D2;&#x1793;&#x17B6;&#x1780;&#x17CB;&#x1793;&#x17C5;&#x1787;&#x17B6;&#x1798;&#x17BD;&#x1799;&#x1798;&#x17C1;&#x179F;&#x17D2;&#x179A;&#x17BB;&#x1780; &#x178A;&#x17C2;&#x179B;&#x1794;&#x17B6;&#x1793;&#x1791;&#x1791;&#x17BD;&#x179B;&#x1796;&#x17BD;&#x1780;&#x1782;&#x17C1;&#x1787;&#x17B6;&#x17AA;&#x1796;&#x17BB;&#x1780;&#x1792;&#x1798;&#x17CC;&#x17D4; &#x1796;&#x17BD;&#x1780;&#x1782;&#x17C1;&#x1794;&#x17B6;&#x1793;&#x1794;&#x1784;&#x17D2;&#x1780;&#x17BE;&#x178F;&#x1782;&#x17D2;&#x179A;&#x17BD;&#x179F;&#x17B6;&#x179A;&#x1790;&#x17D2;&#x1798;&#x17B8; &#x1793;&#x17B7;&#x1784;&#x1780;&#x17D2;&#x179B;&#x17B6;&#x1799;&#x1787;&#x17B6;&#x17A2;&#x17D2;&#x1793;&#x1780;&#x1798;&#x17B6;&#x1793;&#x1791;&#x17D2;&#x179A;&#x1796;&#x17D2;&#x1799;&#x179F;&#x1798;&#x17D2;&#x1794;&#x178F;&#x17D2;&#x178F;&#x17B7;&#x17D4;</subfield>
  </datafield>
  <datafield tag="520" ind1=" " ind2=" ">
    <subfield code="a">The story "Moronak Meada" tells of a king named Vimaladhammaraja, who had a wife named Kaew Kessy and a daughter named Kol Kessy. At one point, a man named Kodompik fell in love with the king&#x2019;s daughter. They ended up lost in a remote area and were captured by bandits. During that time, Kodompik and Kol Kessy took refuge with a village chief, who accepted them as his adopted children. They went on to build a new family and eventually became wealthy.</subfield>
  </datafield>
  <datafield tag="650" ind1=" " ind2=" ">
    <subfield code="a">&#x1798;&#x179A;&#x178E;&#x1798;&#x17B6;&#x178F;&#x17B6;&#x200B;</subfield>
    <subfield code="v">&#x179A;&#x17BF;&#x1784;&#x1796;&#x17D2;&#x179A;&#x17C1;&#x1784;&#x1793;&#x17B7;&#x1791;&#x17B6;&#x1793;&#x1781;&#x17D2;&#x1798;&#x17C2;&#x179A;</subfield>
  </datafield>
  <datafield tag="650" ind1=" " ind2=" ">
    <subfield code="a">Moronak Meada</subfield>
    <subfield code="v">Khmer Folktale </subfield>
  </datafield>
  <datafield tag="942" ind1=" " ind2=" ">
    <subfield code="2">ddc</subfield>
    <subfield code="c">KHB</subfield>
    <subfield code="n">0</subfield>
  </datafield>
  <datafield tag="999" ind1=" " ind2=" ">
    <subfield code="c">6625</subfield>
    <subfield code="d">6625</subfield>
  </datafield>
  <datafield tag="952" ind1=" " ind2=" ">
    <subfield code="0">0</subfield>
    <subfield code="1">0</subfield>
    <subfield code="2">ddc</subfield>
    <subfield code="4">0</subfield>
    <subfield code="7">0</subfield>
    <subfield code="8">KH</subfield>
    <subfield code="a">002</subfield>
    <subfield code="b">001</subfield>
    <subfield code="c">SKB</subfield>
    <subfield code="d">2025-05-16</subfield>
    <subfield code="l">0</subfield>
    <subfield code="o">UK  895.932202</subfield>
    <subfield code="p">FISSE01741</subfield>
    <subfield code="r">2025-05-19 10:03:56</subfield>
    <subfield code="t">1</subfield>
    <subfield code="w">2025-05-16</subfield>
    <subfield code="y">KHB</subfield>
  </datafield>
  <datafield tag="952" ind1=" " ind2=" ">
    <subfield code="0">0</subfield>
    <subfield code="1">0</subfield>
    <subfield code="2">ddc</subfield>
    <subfield code="4">0</subfield>
    <subfield code="7">0</subfield>
    <subfield code="8">KH</subfield>
    <subfield code="a">002</subfield>
    <subfield code="b">002</subfield>
    <subfield code="c">SKB</subfield>
    <subfield code="d">2025-05-16</subfield>
    <subfield code="l">0</subfield>
    <subfield code="o">UK  895.932202</subfield>
    <subfield code="p">FISSE01742</subfield>
    <subfield code="r">2025-05-16 11:11:54</subfield>
    <subfield code="t">2</subfield>
    <subfield code="w">2025-05-16</subfield>
    <subfield code="y">KHB</subfield>
  </datafield>
</record>
